Vista normal
Vista MARC
Entrada Personal Name
Número de registros utilizados en: 1
001 - CONTROL NUMBER
- control field: 5432
003 - CONTROL NUMBER IDENTIFIER
- control field: OSt
005 - DATE AND TIME OF LATEST TRANSACTION
- control field: 20210920180007.0
008 - FIXED-LENGTH DATA ELEMENTS
- fixed length control field: 860211i| anannbabn |a ana
040 ## - CATALOGING SOURCE
- Original cataloging agency: Co-BoUCM
100 ## - HEADING--PERSONAL NAME
- Personal name: Leal, Anibal C.
670 ## - SOURCE DATA FOUND
- Source citation: La historia de los Arabes, 2008
- Information found: t.p. (Albert Hourani ; Traducción Aníbal Leal)